Open Data Biblioteca Nacional de Portugal


República Portuguesa: Ministério da Cultura
Biblioteca Nacional de Portugal

Catálogo da BNP: acesso por Identificadores Unívocos
Registos Bibliográficos associados ao registo de autoridade

Etiqueta de registo: 00254nam 2200025 450
001 2174410
003 http://id.bnportugal.gov.pt/bib/catbnp/2174410
010 ## $a978-989-40-2019-6
021 ## $aPT$b532091/24
100 ## $a20248010d2024 k y0pory01030103ba
101 0# $apor
102 ## $aPT
105 ## $ay v 000yy
106 ## $ar
200 1# $a Os princípios de atuação da administração pública sancionatória$e a fase administrativa do processo contraordenacional$fFilipa Baeta
210 #9 $aCoimbra$cAlmedina,$d2024
215 ## $a357 p.$d23 cm
225 2# $aMonografias
675 ## $a343.3(469)$vBN$zpor$3971300
675 ## $a342.9(469)$vBN$zpor$3589449
700 #1 $aBaeta,$bFilipa$31928011
801 #0 $aPT$bBN$gRPC
856 41 $uhttp://rnod.bnportugal.gov.pt/ImagesBN/winlibimg.aspx?skey=&doc=2174410&img=197523&save=true
900 ## $aBIBNAC$d20240913
966 ## $lBN$mFGMON$sS.C. 164869 V.$x1
966 ## $lBN$mFGMON$sS.C. 164869 V.-D$x1
971 ## $cfatima$d20240801
972 ## $e2$z0$d20240913$viquintas
973 ## $cmlsousa$d20240827

OpendataBNP@bnportugal.pt | Mais informação sobre acesso aos dados BNP